000 00785nam a2200241Ia 4500
003 OSt
005 20221005113039.0
006 a|||||r|||| 00| 0
007 ta
008 221004b |||||||| |||| 00| 0 pan d
020 _c550
024 _a107388
037 _b509, 02/02/2011, H.K. Prakashan
_cTextual
040 _aCRL
_cCRL
_bpan
041 _2pan
_apan
082 _aY73(P153):351, 153P3
100 _aਚਰਨਜੀਤ ਕੌਰ
245 0 _aਬਿਰਹੜਾ ਲੋਕ ਗੀਤ
260 _aਦਿੱਲੀ
_bਮਨਪ਼ੀਤ ਪ੍ਰਕਾਨ ਭਾਰਤ
_c2003
300 _a447ਪੰ
_ccm.
942 _hY73(P153):351, 153P3
_cTEXL
_2cc
999 _c1026880
_d1026880